| 000 | 00955nam a22002657a 4500 | ||
|---|---|---|---|
| 999 |
_c20426 _d20426 |
||
| 001 | 15037776 | ||
| 003 | OSt | ||
| 005 | 20210218124304.0 | ||
| 008 | 170105b xxu||||| |||| 00| 0 eng d | ||
| 010 | _a 2007041181 | ||
| 020 | _a0131738607 (alk. paper) | ||
| 020 | _a9780131738607 (alk. paper) | ||
| 040 |
_aMMU _cMMU _dMMU _beng |
||
| 050 | 0 | 0 |
_aHD62.4 _b.C389 2008 |
| 082 | 0 | 0 |
_a658/.049 _222 |
| 100 | 1 | _aCavusgil, S. Tamer. | |
| 245 | 1 | 0 |
_aInternational business : _bstrategy, management, and the new realities / _cS. Tamer Cavusgil, Gary Knight, John R. Riesenberger. |
| 260 |
_aUpper saddle River, N.J. : _bPearson Prentice Hall, _cc2008. |
||
| 300 |
_axxxv, 2-670 p. : _bcol. ill., col. maps ; _c29 cm. |
||
| 500 | _aIncludes bibliographical references (p. 623-639) and indexes. | ||
| 650 | 0 |
_aInternational business enterprises _xManagement. |
|
| 700 | 1 | _aKnight, Gary A. | |
| 700 | 1 |
_aRiesenberger, John R., _d1948- |
|
| 942 |
_2lcc _cLOAN LOAN |
||